000 00637cam a2200253 4500
001 ABS61196
008 000000n1999 000 0 eng u
035 _a(Sirsi) u101790
245 _aFocus 99: North East.
260 _c1999
490 _aEstates Gazette
_v937) 18 September 1999, 89-131(22)
650 _aNORTH EAST
650 _aTYNE & WEAR
650 _aNEWCASTLE
650 _aTYNESIDE
650 _aWEARSIDE
650 _aTEESSIDE
650 _aDURHAM
650 _aDARLINGTON
650 _aGATESHEAD
650 _aSUNDERLAND
690 _aPROPERTY-COMMERCIAL PROPERTY-COMMERCIAL PROPERTY MARKET
942 _n0
999 _c60903
_d60903